| 000 | 01200cam a2200337 a 4500 | ||
|---|---|---|---|
| 003 | OSt | ||
| 005 | 20140310184458.0 | ||
| 008 | 990823s2000 nyua b 000 1 eng | ||
| 010 | _a 99046535 | ||
| 020 | _a0375803297 (trade paper) | ||
| 020 | _a0375903291 (glb) | ||
| 040 |
_aDLC _cDLC _dDLC |
||
| 042 | _alcac | ||
| 050 | 0 | 0 |
_aPZ 7 _b.F7532115 2005 |
| 100 | 1 |
_aFord, Juwanda G. _928498 |
|
| 245 | 1 | 0 |
_aTogether for Kwanzaa / _cJuwanda G. Ford ; illustrated by Shelly Hehenberger. |
| 260 |
_aNew York, NY : _bRandom House Inc., _c2000. |
||
| 300 |
_a1 v. (unpaged) : _bcol. ill. ; _c21 cm. |
||
| 521 | _aG4 | ||
| 526 | _c680 | ||
| 650 | 1 |
_aKwanzaa _vFiction. _928499 |
|
| 650 | 1 |
_aBrothers and sisters _vFiction. _928500 |
|
| 650 | 1 |
_aAfrican Americans _vFiction. _928501 |
|
| 700 | 1 |
_aHehenberger, Shelly, _eill. _928502 |
|
| 856 | 4 | 2 |
_3Publisher description _uhttp://www.loc.gov/catdir/description/random044/99046535.html |
| 906 |
_a7 _bcbc _corignew _d1 _eocip _f19 _gy-gencatlg |
||
| 942 |
_2lcc _cBK-SCHOLAS |
||
| 999 |
_c34700 _d34700 |
||